Carregando...

Impacts of demonetization in India

Detalhes bibliográficos
Autor principal: Bharatbhai Prajapati Alka
Formato: Printed Book
Publicado em: New Delhi Rawat Prakashan 2019
LEADER 00416nam a22001217a 4500
999 |c 292270  |d 292270 
020 |a 9789388562072 
082 |a 332.41  |b BHA.I 
100 |a Bharatbhai Prajapati Alka 
245 |a Impacts of demonetization in India 
260 |a New Delhi  |b Rawat Prakashan  |c 2019 
942 |c BK 
952 |0 0  |1 0  |4 0  |6 332_410000000000000_BHA_I  |7 0  |9 311003  |a SOC  |b SOC  |d 2020-06-17  |l 0  |o 332.41 BHA.I  |p SOC9261  |r 2020-06-17  |w 2020-06-17  |y BK